000 00874nam a2200253Ia 4500
999 _c65222
_d65222
005 20240530110813.0
008 140319s2007 au a f b 000 0 ara d
017 _a2007/1059
_bمصر. دار الكتب
020 _a9774271351
040 _aGCL /
_cGCL
082 0 4 _221
_a730.92 /
_bص ذ
100 0 _aصبحى الشارونى
245 1 0 _aذاكرة الامة :
_bالمثال محمود مختار ومتحفه /
_cصبحى الشارونى
250 _aط.1
260 _aالقاهرة :
_bالدار المصرية اللبنانية،
_c2007 .
300 _a121 ص. :
_bايض. ؛
_c33 سم.
600 0 _aمحمود مختار
650 0 7 _aالفنون التشكيلية
_2qrmak
650 0 7 _aالنحاتون المصريون
650 0 7 _aالنحت
651 _2qrmak
942 _2ddc
_cBK